LIBRARY & INFORMATION CENTRE, KCAET, TAVANUR

ONLINE PUBLIC ACCESS CATALOGUE (OPAC)

Text book of Soil Mechanics and Foundation Engineering / (Record no. 5620)

MARC details
000 -LEADER
fixed length control field 00389cam a2200145ua 4500
003 - CONTROL NUMBER IDENTIFIER
control field OSt
008 - FIXED-LENGTH DATA ELEMENTS--GENERAL INFORMATION
fixed length control field 250415b |||||||| |||| 00| 0 eng d
082 ## - DEWEY DECIMAL CLASSIFICATION NUMBER
Classification number 624.15136
Item number SIN/TE
100 ## - MAIN ENTRY--AUTHOR NAME
Personal name Singhal, R P .
245 ## - TITLE STATEMENT
Title Text book of Soil Mechanics and Foundation Engineering /
250 ## - EDITION STATEMENT
Edition statement 1 /
260 ## - PUBLICATION, DISTRIBUTION, ETC. (IMPRINT)
Place of publication India :
Name of publisher Singhal Publications ,
Year of publication 1951.
300 ## - PHYSICAL DESCRIPTION
Number of Pages 475 ; .
942 ## - ADDED ENTRY ELEMENTS (KOHA)
Koha item type Books
Holdings
Withdrawn status Lost status Damaged status Home library Current library Date acquired Full call number Accession Number Koha item type
      KAUAET KAUAET 07/04/2012 624.15136 SIN/TE 14307 Books
free website counter